000 00316nam a2200121Ia 4500
008 240624s9999 xx 000 0 und d
041 _aeng
082 _a658.4093 SHA
100 _aSHARBUNO JEANNE
245 _a52 WAYS TO LIVE SUCCECC
260 _c2005
_aMumbai
_bJaico Publishing House
300 _a168 : p. : cm. ; 18
999 _c2632
_d2632